00704nam a2200205 a 450000100060000000300090000600800410001501500210005602000150007704000280009208200170012010000400013724501340017725000120031126000340032330000240035749000420038165000230042370000520044626721CO-ViMGA141112s2004 ck r 000 u spa d ack - 2001 - xxxx a9580216452 aCO-ViMGAbspacCO-ViMGA04aI813.44 P51h1 aPoblete Zapata, Claudina de Lourdes10aLas hormigas con zapatos anticontaminantes / cClaudina de Lourdes Poblete Zapata ; ilustración, Pedro Manuel Cassiani Guapacho a1a. ed. aBogotá : bVoluntad, c2001 a32 p. : il. ; 48 cm0 aLibro gigante para lectura compartida14aCuentos infantiles1 aCassiani Guapacho, Pedro Manuel, ilustrador il.